| 000 | 00529nam a22001817a 4500 | ||
|---|---|---|---|
| 003 | CEME | ||
| 005 | 20210628201719.0 | ||
| 008 | 210204b xxu||||| |||| 00| 0 eng d | ||
| 020 | _a81-7371-442-8 | ||
| 040 | _c. | ||
| 082 | _a513.5 COU | ||
| 100 |
_aCoutinho, S.C _956489 |
||
| 245 | _aThe mathematics of ciphers ,number theory and rsa cryptography | ||
| 260 |
_aNEW DELHI _bUNIVERSITY PRESS _c1999 |
||
| 300 | _aXV,196P | ||
| 650 |
_aNUMBER THEORY AND RSA CRYPTOGRAPHY.THE MATHEMATICS OF CIPHERS _956490 |
||
| 942 |
_cBK _2ddc |
||
| 999 |
_c566885 _d566885 |
||